Statistics for Men by Picture A-Z

Click here to take the quiz!

General Stats

  • This quiz has been taken 152 times
  • The average score is 16 of 26

Answer Stats

Answer % Correct
Albert Einstein
98%
Neil Armstrong
97%
Barack Obama
97%
Vladimir Putin
94%
Ludwig van Beethoven
92%
Nelson Mandela
92%
John Lennon
87%
Mark Zuckerberg
82%
Cristiano Ronaldo
76%
Steve Irwin
69%
Boris Yeltsin
62%
Al Gore
62%
Lyndon B. Johnson
57%
Chuck Norris
55%
Nikola Tesla
54%
Novak Djokovic
52%
Xi Jinping
52%
Stephen Curry
50%
Dan Quayle
48%
Bernie Sanders
44%
Antonio Vivaldi
35%
Henry Ford
34%
Urban VIII
31%
Edmund Hillary
28%
Oliver Kahn
25%
Richard Wagner
17%

Score Distribution

Percentile by Number Answered

Percent of People with Each Score

Your Score History

You have not taken this quiz